Datum a čas kvízu
24
Celkem bodů
Celkový počet nahraných bodů na tomto kvízu bez doplňovacích otázek.
12.
Pořadí na kvízu
Konečné umístění týmu na tomto kvízu.
Zaznamenané odpovědi
| # | Otázka | Odpověď | Body | Výsledky |
|---|---|---|---|---|
| 1. | K razantnímu kroku přistoupila... | tepláky a crop topy (krátká trika) | 1 | |
| 2. | Který bývalý evropský preziden... | Nicolas Sarkozy | 1 | |
| 3. | Minulý týden proběhl v Brně me... | Straka | 0 | |
| 4. | Do Česka přichází nový módní ř... | z Japonska | 0 | |
| 5. | Jak se jmenuje nový držitel pr... | Ousmane Dembélé | 0 | |
| 6. | Gesto, které vidíme na obrázku... | 1A 2D 3B 4C | 0 | |
| 7. | Které z uvedených gest má na B... | B | 1 | |
| 8. | Sheldon Cooper v Teorii velkéh... | Spocka a tapíra (ještěra) | 1 | |
| 9. | Která dvě písmena české dvouru... | B, N | 0 | |
| 10. | Na výřezu z obrazu francouzské... | paroháč (že je mu žena nevěrná) | 0 |